Statistics for North American Countries by Area

Click here to take the quiz!

General Stats

  • This quiz has been taken 55 times
  • The average score is 20 of 23

Answer Stats

Area (km2)Country% Correct
9,984,670Canada
100%
1,964,375Mexico
100%
9,629,091United States
100%
130,373Nicaragua
90%
109,886Cuba
88%
108,889Guatemala
88%
27,750Haiti
88%
112,492Honduras
88%
22,966Belize
86%
51,100Costa Rica
86%
48,671Dominican Republic
86%
21,041El Salvador
86%
75,417Panama
86%
13,943Bahamas
84%
10,991Jamaica
84%
261Saint Kitts and Nevis
84%
430Barbados
82%
751Dominica
82%
344Grenada
82%
539Saint Lucia
80%
389Saint Vincent and the Grenadines
80%
5,130Trinidad and Tobago
80%
442Antigua and Barbuda
78%

Score Distribution

Percentile by Number Answered

Percent of People with Each Score

Your Score History

You have not taken this quiz